Právo v národním hospodářství 1

Salvato in:
Dettagli Bibliografici
Autore principale: Švarc, Zbyněk
Ente Autore: Vysoká škola ekonomická v Praze. Obchodní fakulta
Natura: Libro
Lingua:ceco
Pubblicazione: Praha Státní pedagogické nakladatelství 1987
Edizione:1. vyd.
Tags: Aggiungi Tag
Nessun Tag, puoi essere il primo ad aggiungerne!!

MARC

LEADER 00000nam a2200000 4500
001 c025385
005 20221219103153.6
041 0 |a cze 
044 |a CZ 
245 1 0 |a Právo v národním hospodářství 1  |c Zbyněk Švarc a kol. 
250 |a 1. vyd. 
264 1 |a Praha  |b Státní pedagogické nakladatelství  |c 1987 
300 |a 171 s. 
100 1 |a Švarc, Zbyněk 
710 2 |a Vysoká škola ekonomická v Praze. Obchodní fakulta